| 000 | 00852nam a2200241 a 4500 | ||
|---|---|---|---|
| 001 | 000017020 | ||
| 005 | 20200929165015.0 | ||
| 008 | 100312s1943 sp 000 d spa d | ||
| 040 |
_aDO-SdBNP _bspa _cBNPHU |
||
| 082 |
_a862.5 _bB844t |
||
| 100 | 1 |
_aBretón de los Herreros, Manuel, _d1796-1873 _96848 |
|
| 245 | 1 | 0 |
_aTeatro / _cBretón de los Herreros ; prólogo y notas de Narciso Alonso Cortés. |
| 260 |
_aMadrid : _bEspasa-Calpe, _c1943. |
||
| 300 |
_axxxi, 239 [2] p. ; _c18 cm. |
||
| 490 | 1 |
_aClásicos castellanos _v92 |
|
| 504 | _aIncluye referencias bibliográficas y notas al pie de las páginas | ||
| 650 | 4 |
_aTeatro español _93071 |
|
| 650 | 4 |
_aLiteratura española _9632 |
|
| 700 | 1 |
_aCortés, Narciso Alonso, _epról. _937572 |
|
| 830 | 0 |
_aClásicos castellanos ; _v92 _94180 |
|
| 910 | _aCatalogación por copia/WM | ||
| 049 | _aBNGR | ||
| 999 |
_c16547 _d16547 |
||